| 000 | 00521nam a22001817a 4500 | ||
|---|---|---|---|
| 005 | 20251108175915.0 | ||
| 008 | 250721s2023 xx 000 0 ara d | ||
| 082 | 1 | 4 | _aط/ق/قفص |
| 100 | 1 | _aقفص، نور | |
| 245 | 1 | 0 | _aإكليل الجبل / |
| 264 | 1 |
_aعمان : _bدار شأن للنشر و التوزيع، _c2023. |
|
| 300 | _a44ص. | ||
| 650 | 1 | 7 | _aادب الاطفال |
| 650 | 1 | 7 | _aالفصص القصيرة |
| 653 | _aناشئون صغار(10-14)سنة | ||
| 942 |
_2ddc _cBK |
||
| 999 |
_c145245 _d145245 |
||